[Event "Foxwoods op"]
[Site "Ledyard USA"]
[Date "2008.03.21"]
[Round "5"]
[White "Shabalov, Alexander"]
[Black "Charbonneau, Pascal"]
[Result "1-0"]
[WhiteElo "2622"]
[BlackElo "2496"]
[PlyCount "82"]
[GameId "2129405097576106"]
[EventDate "2008.03.19"]
[EventType "swiss"]
[EventRounds "9"]
[EventCountry "USA"]
[SourceTitle "The Week in Chess 698"]
[Source "Mark Crowther"]
[SourceDate "2008.03.24"]
[SourceVersion "1"]
[SourceVersionDate "2008.03.24"]
[SourceQuality "2"]

1. e4 c5 2. Nf3 e6 3. d4 cxd4 4. Nxd4 a6 5. Be2 Nf6 6. Nc3 Qc7 7. O-O Nc6 8. Kh1 Nxd4 9. Qxd4 Bc5 10. Qd3 b5 11. f4 Bb7 12. Bf3 b4 13. e5 bxc3 14. exf6 cxb2 15. Bxb2 g6 16. Be5 d6 17. Rab1 Bxf3 18. Qxf3 Ra7 19. Bc3 Kd7 20. Rfe1 Qc6 21. Qg3 Kc8 22. Bb4 Bxb4 23. Rxb4 Rb7 24. Rd4 Rd8 25. Qd3 Rb5 26. h3 Rc5 27. c4 d5 28. cxd5 Rcxd5 29. Rxd5 Rxd5 30. Qa3 Qd6 31. Qa4 Kb7 32. Re4 Rb5 33. Rd4 Qc6 34. Kh2 Ka7 35. Rd8 Qc5 36. Qe4 Rb7 37. Qd3 Qb4 38. Rd4 Qc5 39. Rd6 Qb5 40. Qd4+ Ka8 41. a4 Qa5 1-0

[Event "Foxwoods op"]
[Site "Ledyard USA"]
[Date "2008.03.22"]
[Round "7"]
[White "Sarkar, Justin"]
[Black "Charbonneau, Pascal"]
[Result "1/2-1/2"]
[WhiteElo "2412"]
[BlackElo "2496"]
[PlyCount "40"]
[GameId "2129405097576140"]
[EventDate "2008.03.19"]
[EventType "swiss"]
[EventRounds "9"]
[EventCountry "USA"]
[SourceTitle "The Week in Chess 699"]
[Source "Mark Crowther"]
[SourceDate "2008.03.31"]
[SourceVersion "1"]
[SourceVersionDate "2008.03.29"]
[SourceQuality "2"]

1. d4 Nf6 2. c4 e6 3. Nc3 Bb4 4. Qc2 O-O 5. e4 d5 6. e5 Ne4 7. Bd3 c5 8. cxd5 exd5 9. Nge2 cxd4 10. Nxd4 f6 11. exf6 Qxf6 12. Be3 Nc6 13. Nxc6 bxc6 14. Rc1 Bf5 15. O-O Bxc3 16. bxc3 Nd6 17. Bc5 Bxd3 18. Qxd3 Rfe8 19. Bxd6 Qxd6 20. c4 d4 1/2-1/2

[Event "Foxwoods op"]
[Site "Ledyard USA"]
[Date "2008.03.23"]
[Round "8"]
[White "Charbonneau, Pascal"]
[Black "Enhbat, Tegshsuren"]
[Result "1-0"]
[WhiteElo "2496"]
[BlackElo "2365"]
[PlyCount "65"]
[GameId "2129405097576145"]
[EventDate "2008.03.19"]
[EventType "swiss"]
[EventRounds "9"]
[EventCountry "USA"]
[SourceTitle "The Week in Chess 699"]
[Source "Mark Crowther"]
[SourceDate "2008.03.31"]
[SourceVersion "1"]
[SourceVersionDate "2008.03.29"]
[SourceQuality "2"]

1. e4 c6 2. c4 d5 3. exd5 Nf6 4. Nc3 cxd5 5. cxd5 Nxd5 6. Nf3 Nxc3 7. bxc3 g6 8. Qa4+ Nc6 9. Ne5 Bd7 10. Nxd7 Qxd7 11. Be2 Bg7 12. O-O O-O 13. Rb1 Rfd8 14. Qe4 e5 15. f4 f5 16. Qc4+ Kh8 17. fxe5 Nxe5 18. Qb3 b6 19. d4 Nf7 20. Bb5 Qc7 21. Bf4 Nd6 22. Rfe1 h6 23. Re3 Qb7 24. Re6 Nxb5 25. Qxb5 Kh7 26. Rbe1 Rd7 27. h4 h5 28. Qd3 Rg8 29. Qg3 Bf8 30. Qg5 Rf7 31. Re8 Rgg7 32. Qh6+ Kg8 33. Be5 1-0

[Event "Foxwoods op"]
[Site "Ledyard USA"]
[Date "2008.03.23"]
[Round "9"]
[White "Ivanov, Alexander"]
[Black "Charbonneau, Pascal"]
[Result "1-0"]
[WhiteElo "2554"]
[BlackElo "2496"]
[PlyCount "29"]
[GameId "2129405097576161"]
[EventDate "2008.03.19"]
[EventType "swiss"]
[EventRounds "9"]
[EventCountry "USA"]
[SourceTitle "The Week in Chess 699"]
[Source "Mark Crowther"]
[SourceDate "2008.03.31"]
[SourceVersion "1"]
[SourceVersionDate "2008.03.29"]
[SourceQuality "2"]

1. e4 c5 2. Nf3 d6 3. d4 cxd4 4. Nxd4 Nf6 5. Nc3 Nc6 6. Bc4 Bd7 7. O-O g6 8. Nxc6 Bxc6 9. Bg5 Bg7 10. Nd5 e6 11. Nxf6+ Bxf6 12. Bxf6 Qxf6 13. Qxd6 Qxb2 14. Rab1 Qc3 15. Rxb7 1-0

[Event "Marshall CC ch"]
[Site "New York USA"]
[Date "2007.12.07"]
[Round "1"]
[White "Charbonneau, Pascal"]
[Black "Gaillard, Emmanuel"]
[Result "1-0"]
[WhiteElo "2507"]
[BlackElo "2160"]
[PlyCount "57"]
[GameId "2129405099544980"]
[EventDate "2007.12.08"]
[EventType "swiss"]
[EventRounds "9"]
[EventCountry "USA"]
[SourceTitle "The Week in Chess 690"]
[Source "Mark Crowther"]
[SourceDate "2008.01.28"]
[SourceVersion "1"]
[SourceVersionDate "2008.01.28"]
[SourceQuality "2"]

1. e4 c6 2. c4 d5 3. exd5 cxd5 4. cxd5 Qxd5 5. Nc3 Qd6 6. d4 e6 7. Nf3 Nf6 8. Bd3 Be7 9. O-O O-O 10. a3 Nc6 11. Bg5 a6 12. Bc2 Rd8 13. Qe2 h6 14. Be3 b5 15. b4 Bb7 16. Rac1 Bf8 17. Rfd1 Ne7 18. Ne5 Ned5 19. Nxd5 Qxd5 20. f3 a5 21. Qd3 axb4 22. Ng4 Be7 23. Nxf6+ Bxf6 24. Qh7+ Kf8 25. Be4 Qb3 26. Rc7 Qxe3+ 27. Kf1 Rd7 28. Rxd7 Ke8 29. Rxb7 1-0

[Event "Marshall CC ch"]
[Site "New York USA"]
[Date "2007.12.09"]
[Round "4"]
[White "Ehlvest, Jaan"]
[Black "Charbonneau, Pascal"]
[Result "1-0"]
[WhiteElo "2601"]
[BlackElo "2507"]
[PlyCount "75"]
[GameId "2129405099545015"]
[EventDate "2007.12.08"]
[EventType "swiss"]
[EventRounds "9"]
[EventCountry "USA"]
[SourceTitle "The Week in Chess 690"]
[Source "Mark Crowther"]
[SourceDate "2008.01.28"]
[SourceVersion "1"]
[SourceVersionDate "2008.01.28"]
[SourceQuality "2"]

1. c4 e5 2. g3 Nf6 3. Bg2 d5 4. cxd5 Nxd5 5. Nf3 Nc6 6. O-O Nb6 7. b3 Bd6 8. Bb2 O-O 9. Nc3 Re8 10. Rc1 Bg4 11. h3 Bh5 12. Ne4 f5 13. Nxd6 cxd6 14. d3 a5 15. Qd2 h6 16. e3 Qd7 17. Nh4 g5 18. Nf3 Qf7 19. Nh2 a4 20. g4 axb3 21. a3 Bg6 22. f4 Na4 23. gxf5 Bh5 24. fxg5 hxg5 25. Ba1 Rac8 26. Rc4 Nb6 27. Rcc1 Na4 28. Ng4 Bxg4 29. hxg4 d5 30. Rb1 Nc5 31. f6 e4 32. Rf5 Nxd3 33. Rxg5+ Kf8 34. Rxb3 Nce5 35. Bc3 Re6 36. Rb1 Rxf6 37. Rxe5 Rf2 38. Rf5 1-0

[Event "Marshall CC ch"]
[Site "New York USA"]
[Date "2007.12.09"]
[Round "5"]
[White "Charbonneau, Pascal"]
[Black "Stripunsky, Alexander"]
[Result "0-1"]
[WhiteElo "2507"]
[BlackElo "2592"]
[PlyCount "82"]
[GameId "2129405099545027"]
[EventDate "2007.12.08"]
[EventType "swiss"]
[EventRounds "9"]
[EventCountry "USA"]
[SourceTitle "The Week in Chess 690"]
[Source "Mark Crowther"]
[SourceDate "2008.01.28"]
[SourceVersion "1"]
[SourceVersionDate "2008.01.28"]
[SourceQuality "2"]

1. e4 c5 2. Nf3 e6 3. d4 cxd4 4. Nxd4 a6 5. Bd3 Bc5 6. Nb3 Ba7 7. Qg4 Nf6 8. Qg3 d6 9. Nc3 Nc6 10. Bg5 h6 11. Bd2 Nh5 12. Qh3 Nf6 13. f4 b5 14. O-O-O b4 15. Ne2 a5 16. Bb5 Bd7 17. e5 dxe5 18. fxe5 Nxe5 19. Bf4 Nd5 20. Bxd7+ Nxd7 21. Nbd4 Bxd4 22. Rxd4 Qb6 23. Rhd1 N7f6 24. Be5 O-O 25. R1d3 Nh7 26. Bxg7 Kxg7 27. Rg3+ Ng5 28. Qh5 f6 29. h4 Rad8 30. hxg5 fxg5 31. b3 Nf6 32. Qh4 e5 33. Rxd8 Rxd8 34. Qc4 e4 35. Rh3 Qf2 36. Rh1 Qxg2 37. Rg1 Qf2 38. Rh1 Kg6 39. Kb1 Rd2 40. Nc1 Qd4 41. Qe6 Qc3 0-1

[Event "Marshall CC ch"]
[Site "New York USA"]
[Date "2007.12.15"]
[Round "6"]
[White "Treger, Effim"]
[Black "Charbonneau, Pascal"]
[Result "1/2-1/2"]
[WhiteElo "2196"]
[BlackElo "2507"]
[PlyCount "69"]
[GameId "2129405099545047"]
[EventDate "2007.12.08"]
[EventType "swiss"]
[EventRounds "9"]
[EventCountry "USA"]
[SourceTitle "The Week in Chess 690"]
[Source "Mark Crowther"]
[SourceDate "2008.01.28"]
[SourceVersion "1"]
[SourceVersionDate "2008.01.28"]
[SourceQuality "2"]

1. e4 c5 2. Nc3 Nc6 3. Nf3 g6 4. h4 Nf6 5. e5 Ng4 6. h5 Bg7 7. Ng5 Nh6 8. f4 d6 9. e6 f6 10. hxg6 fxg5 11. Rxh6 Bxe6 12. Rxh7 Rg8 13. Qh5 gxf4 14. Nd5 Qd7 15. Bb5 O-O-O 16. Nxf4 Rdf8 17. d3 Bg4 18. Qd5 e5 19. Nh3 Be6 20. Qe4 Bf5 21. Qa4 Bxg6 22. Rh4 Bf6 23. Rh6 Bf5 24. Be3 Rxg2 25. O-O-O Bxh3 26. Bxc6 bxc6 27. Rxh3 Qxh3 28. Qxc6+ Kd8 29. Qxd6+ Ke8 30. Bxc5 Rf7 31. Qb8+ Kd7 32. Qd6+ Kc8 33. Qc6+ Kd8 34. Qd5+ Ke8 35. Qc6+ 1/2-1/2

[Event "Marshall CC ch"]
[Site "New York USA"]
[Date "2007.12.15"]
[Round "7"]
[White "Charbonneau, Pascal"]
[Black "Thaler, Michael"]
[Result "1-0"]
[WhiteElo "2507"]
[BlackElo "2086"]
[PlyCount "99"]
[GameId "2129405099545048"]
[EventDate "2007.12.08"]
[EventType "swiss"]
[EventRounds "9"]
[EventCountry "USA"]
[SourceTitle "The Week in Chess 690"]
[Source "Mark Crowther"]
[SourceDate "2008.01.28"]
[SourceVersion "1"]
[SourceVersionDate "2008.01.28"]
[SourceQuality "2"]

1. e4 c5 2. Nf3 e6 3. d4 cxd4 4. Nxd4 a6 5. Nc3 Qc7 6. Bd3 Bd6 7. Qd2 Nc6 8. Nxc6 dxc6 9. Qg5 f6 10. Qh5+ Qf7 11. Qe2 b5 12. a4 Bb7 13. O-O Ne7 14. f4 O-O 15. e5 Bc5+ 16. Be3 Bxe3+ 17. Qxe3 Nd5 18. Nxd5 exd5 19. e6 Qe7 20. Qh3 g6 21. f5 g5 22. Qe3 b4 23. c3 bxc3 24. bxc3 c5 25. Rfb1 Rfd8 26. Rb6 d4 27. cxd4 Rxd4 28. Rab1 Rb4 29. R1xb4 cxb4 30. Qd4 Rd8 31. Rxb7 Rxd4 32. Rxe7 Rxd3 33. Rb7 Kf8 34. Rxb4 Rd1+ 35. Kf2 Rd2+ 36. Kf3 Rd5 37. g4 h5 38. Rb8+ Ke7 39. Rb7+ Ke8 40. gxh5 Rxf5+ 41. Kg3 Rf4 42. h6 Rxa4 43. h7 Rh4 44. h8=Q+ Rxh8 45. Rb8+ Ke7 46. Rxh8 Kxe6 47. Kg4 Ke5 48. Re8+ Kd5 49. Kf5 Kc4 50. Kxf6 1-0

[Event "Marshall CC ch"]
[Site "New York USA"]
[Date "2007.12.16"]
[Round "8"]
[White "Pader, Douglas"]
[Black "Charbonneau, Pascal"]
[Result "0-1"]
[WhiteElo "2234"]
[BlackElo "2507"]
[PlyCount "54"]
[GameId "2129405099545065"]
[EventDate "2007.12.08"]
[EventType "swiss"]
[EventRounds "9"]
[EventCountry "USA"]
[SourceTitle "The Week in Chess 690"]
[Source "Mark Crowther"]
[SourceDate "2008.01.28"]
[SourceVersion "1"]
[SourceVersionDate "2008.01.28"]
[SourceQuality "2"]

1. Nf3 g6 2. d4 Bg7 3. c4 d6 4. Nc3 Nd7 5. g3 e5 6. Bg2 Ne7 7. O-O O-O 8. e3 f5 9. b3 e4 10. Ne1 c6 11. Ba3 Nf6 12. f3 exf3 13. Nxf3 Kh8 14. Qd3 Be6 15. e4 fxe4 16. Nxe4 Bf5 17. Nh4 d5 18. Bxe7 Qxe7 19. Nxf5 dxe4 20. Nxe7 exd3 21. Bh3 Ne4 22. Rad1 Bxd4+ 23. Kg2 Rxf1 24. Rxf1 Re8 25. Nc8 d2 26. Bd7 Rd8 27. Bg4 Nf2 0-1

[Event "Marshall CC ch"]
[Site "New York USA"]
[Date "2007.12.16"]
[Round "9"]
[White "Charbonneau, Pascal"]
[Black "Yudasin, Leonid"]
[Result "1-0"]
[WhiteElo "2507"]
[BlackElo "2550"]
[PlyCount "53"]
[GameId "2129405099553265"]
[EventDate "2007.12.08"]
[EventType "swiss"]
[EventRounds "9"]
[EventCountry "USA"]
[SourceTitle "The Week in Chess 690"]
[Source "Mark Crowther"]
[SourceDate "2008.01.28"]
[SourceVersion "1"]
[SourceVersionDate "2008.01.28"]
[SourceQuality "2"]

1. e4 c6 2. c4 d5 3. exd5 cxd5 4. cxd5 Qxd5 5. Nc3 Qd6 6. d4 e6 7. Nf3 Nf6 8. Bc4 Be7 9. O-O O-O 10. Qe2 a6 11. Bg5 Nbd7 12. Rad1 b5 13. Bb3 Bb7 14. Rfe1 Rfe8 15. Ne5 Nb6 16. Nxf7 Kxf7 17. Bxe6+ Kf8 18. d5 Bc8 19. Qf3 Qc7 20. Ne4 Bxe6 21. dxe6 Qb7 22. Qf5 Kg8 23. Bxf6 Bxf6 24. Nd6 Qc6 25. e7 h6 26. Qe6+ Kh7 27. Nxe8 1-0

[Event "USCL Semi-Finals 2007"]
[Site "ICC INT"]
[Date "2007.11.14"]
[Round "1"]
[White "Sammour Hasbun (Joshi), Jorge E"]
[Black "Charbonneau, Pascal"]
[Result "1-0"]
[WhiteElo "2460"]
[BlackElo "2507"]
[PlyCount "79"]
[GameId "2129405100067807"]
[EventDate "2007.11.14"]
[EventType "team"]
[EventCountry "USA"]
[SourceTitle "The Week in Chess 680"]
[Source "Mark Crowther"]
[SourceDate "2007.11.19"]
[SourceVersion "1"]
[SourceVersionDate "2007.11.19"]
[SourceQuality "2"]

1. e4 c5 2. Nf3 e6 3. d4 cxd4 4. Nxd4 a6 5. f4 Nc6 6. Nc3 Nge7 7. Be3 b5 8. Be2 Bb7 9. Nb3 Na5 10. O-O Nxb3 11. axb3 b4 12. Na4 Bxe4 13. Bc5 Nd5 14. Bxf8 Rxf8 15. Qd4 f5 16. c4 bxc3 17. bxc3 Qf6 18. Qd2 Qe7 19. c4 Nf6 20. b4 Bc6 21. Nb6 Rb8 22. Rxa6 Ne4 23. Qb2 Kf7 24. c5 Kg8 25. Qd4 g5 26. fxg5 Qxg5 27. Rf3 Rf7 28. Qe5 Rbf8 29. Ra1 Rg7 30. Bf1 Qh5 31. Raa3 Ng5 32. Rf4 Nf7 33. Qb2 Qg5 34. Rg3 Qh6 35. Rh4 Rxg3 36. Rxh6 Rg7 37. Rh3 Ng5 38. Rg3 Rg6 39. b5 Be4 40. Nxd7 1-0

[Event "Miami op"]
[Site "Miami USA"]
[Date "2007.09.29"]
[Round "6"]
[White "Charbonneau, Pascal"]
[Black "Adu, Oladapo"]
[Result "0-1"]
[WhiteElo "2503"]
[BlackElo "2294"]
[PlyCount "52"]
[GameId "2129405101454194"]
[EventDate "2007.09.26"]
[EventType "swiss"]
[EventRounds "9"]
[EventCountry "USA"]
[SourceTitle "The Week in Chess 673"]
[Source "Mark Crowther"]
[SourceDate "2007.10.01"]
[SourceVersion "1"]
[SourceVersionDate "2007.10.01"]
[SourceQuality "2"]

1. e4 c5 2. Nf3 e6 3. d4 cxd4 4. Nxd4 Qb6 5. c3 Bc5 6. Qg4 g6 7. Qg3 a6 8. Nb3 Be7 9. Be3 Qc6 10. N1d2 d6 11. Bd3 Nd7 12. O-O Ne5 13. Be2 Nf6 14. Nd4 Qc7 15. Bh6 Bd7 16. f4 Nc6 17. e5 Nd5 18. Ne4 O-O-O 19. Bg5 dxe5 20. Nxc6 Bxc6 21. fxe5 Bxg5 22. Nxg5 Qb6+ 23. Qf2 Ne3 24. Bf3 Bxf3 25. Nxf3 Kc7 26. Rfe1 Nc2 0-1

[Event "USCL 2007"]
[Site "ICC INT"]
[Date "2007.08.29"]
[Round "1"]
[White "Enhbat, Tegshsuren"]
[Black "Charbonneau, Pascal"]
[Result "1-0"]
[WhiteElo "2371"]
[BlackElo "2503"]
[PlyCount "111"]
[GameId "2129405102170377"]
[EventDate "2007.08.29"]
[EventType "team (rapid)"]
[EventRounds "10"]
[EventCountry "USA"]
[SourceTitle "The Week in Chess 670"]
[Source "Mark Crowther"]
[SourceDate "2007.09.17"]
[SourceVersion "1"]
[SourceVersionDate "2007.09.17"]
[SourceQuality "2"]

1. d4 Nf6 2. Nf3 g6 3. c4 Bg7 4. Nc3 O-O 5. e4 d6 6. Be2 e5 7. Be3 Ng4 8. Bg5 f6 9. Bc1 exd4 10. Nxd4 f5 11. O-O Nc6 12. Nc2 Nh6 13. Qd5+ Kh8 14. c5 Ne7 15. Qc4 fxe4 16. cxd6 cxd6 17. Qxe4 d5 18. Qa4 Nhf5 19. Bd3 Nc6 20. Qb3 Ne5 21. Bxf5 Bxf5 22. Nd4 Qh4 23. Nxf5 Rxf5 24. Ne2 Raf8 25. f4 Nc4 26. Rb1 Qe7 27. Qd3 Qc5+ 28. Kh1 Re8 29. Ng3 Rff8 30. b3 Ne3 31. Bxe3 Rxe3 32. Qd1 d4 33. Rc1 Qd5 34. f5 d3 35. Qd2 Qe5 36. fxg6 Rxg3 37. Rxf8+ Bxf8 38. hxg3 Qh5+ 39. Kg1 Bc5+ 40. Rxc5 Qxc5+ 41. Kf1 Qf5+ 42. Qf4 Qxg6 43. Qf8+ Qg8 44. Qf6+ Qg7 45. Qd8+ Qg8 46. Qxd3 Qf7+ 47. Qf3 Kg7 48. g4 b6 49. a4 Qe7 50. Kf2 h6 51. Kg3 Qe1+ 52. Kh2 Qh4+ 53. Qh3 Qe1 54. Qg3 Qxg3+ 55. Kxg3 a5 56. Kh4 1-0

[Event "USCL 2007"]
[Site "ICC INT"]
[Date "2007.09.05"]
[Round "2"]
[White "Charbonneau, Pascal"]
[Black "Kudrin, Sergey"]
[Result "1/2-1/2"]
[WhiteElo "2503"]
[BlackElo "2543"]
[PlyCount "103"]
[GameId "2129405102170401"]
[EventDate "2007.08.29"]
[EventType "team (rapid)"]
[EventRounds "10"]
[EventCountry "USA"]
[SourceTitle "The Week in Chess 670"]
[Source "Mark Crowther"]
[SourceDate "2007.09.17"]
[SourceVersion "1"]
[SourceVersionDate "2007.09.17"]
[SourceQuality "2"]

1. e4 c5 2. Nf3 Nc6 3. d4 cxd4 4. Nxd4 g6 5. c4 Bg7 6. Nc2 d6 7. Be2 Nf6 8. Nc3 Nd7 9. Bd2 O-O 10. O-O a5 11. Be3 Nc5 12. f3 a4 13. Qd2 Qa5 14. Na3 Be6 15. Rac1 Rfc8 16. Rfd1 Nb4 17. Nab5 Nbd3 18. Rb1 Bxc4 19. Bxc5 Bxc3 20. bxc3 Rxc5 21. Nd4 Ne5 22. Rxb7 Bxe2 23. Nxe2 Rc7 24. Rdb1 Rac8 25. R7b4 Qa7+ 26. Qd4 Qxd4+ 27. Rxd4 Ra7 28. Rdb4 Nd7 29. Kf2 f6 30. Ke3 Kf7 31. Kd2 g5 32. Nd4 Ne5 33. Rb7 Rc7 34. Rb8 Nc4+ 35. Kd3 Ne5+ 36. Kd2 Nc4+ 37. Kd3 Ne5+ 38. Kc2 Nc6 39. Nb5 Nxb8 40. Nxc7 Nd7 41. Nd5 h5 42. Rb4 h4 43. h3 Ke6 44. Kd3 f5 45. Nb6 Nc5+ 46. Kd4 fxe4 47. fxe4 Ra5 48. Nc4 Ra8 49. e5 Rf8 50. exd6 exd6 51. Ke3 Rf1 52. Nb6 1/2-1/2

[Event "USCL 2007"]
[Site "ICC INT"]
[Date "2007.09.17"]
[Round "4"]
[White "Perelshteyn, Eugene"]
[Black "Charbonneau, Pascal"]
[Result "0-1"]
[WhiteElo "2540"]
[BlackElo "2503"]
[PlyCount "146"]
[GameId "2129405102178650"]
[EventDate "2007.08.29"]
[EventType "team (rapid)"]
[EventRounds "10"]
[EventCountry "USA"]
[SourceTitle "The Week in Chess 672"]
[Source "Mark Crowther"]
[SourceDate "2007.09.24"]
[SourceVersion "1"]
[SourceVersionDate "2007.09.24"]
[SourceQuality "2"]

1. c4 Nf6 2. g3 g6 3. Bg2 Bg7 4. Nf3 O-O 5. O-O d6 6. Nc3 e5 7. d3 Nc6 8. Bg5 h6 9. Bxf6 Bxf6 10. Rb1 Be6 11. b4 Qd7 12. b5 Nd8 13. Nd2 Bg7 14. Re1 f5 15. Qc2 g5 16. a4 Rb8 17. a5 h5 18. Nd5 h4 19. c5 c6 20. bxc6 Nxc6 21. cxd6 Qxd6 22. Nc3 Rfc8 23. Qa4 hxg3 24. hxg3 a6 25. Nc4 Qc5 26. Rec1 e4 27. Nxe4 fxe4 28. Nb6 Qd4 29. Qxd4 Nxd4 30. Rxc8+ Bxc8 31. Nxc8 Rxc8 32. Bxe4 Nxe2+ 33. Kg2 Rc5 34. Rxb7 Rxa5 35. Ra7 Ra4 36. Bb7 Nc3 37. Rxa6 Rb4 38. Bc8 Kf7 39. Be6+ Ke7 40. Bc4 Rb2 41. Ra7+ Kf6 42. Kh3 Nd1 43. Kg4 Kg6 44. Bf7+ Kf6 45. Bc4 Rxf2 46. Ra6+ Ke7 47. Ra7+ Kf6 48. Ra6+ Ke5 49. Re6+ Kd4 50. Re4+ Kc5 51. Re1 Nc3 52. Kxg5 Ne2 53. Kg4 Kd4 54. Rb1 Be5 55. Rb5 Bxg3 56. Rd5+ Ke3 57. Kg5 Nd4 58. Kg6 Bf4 59. Kf7 Be5+ 60. Ke7 Kf4 61. Kd7 Rh2 62. Kc8 Rb2 63. Ra5 Rb8+ 64. Kd7 Rb7+ 65. Ke8 Nf5 66. Ra2 Re7+ 67. Kf8 Kg5 68. Rg2+ Kf6 69. Rf2 Bd6 70. Kg8 Rg7+ 71. Kh8 Be5 72. d4 Bxd4 73. Rf1 Rc7 0-1

[Event "USCL 2007"]
[Site "ICC INT"]
[Date "2007.10.10"]
[Round "7"]
[White "Charbonneau, Pascal"]
[Black "Kelleher, William"]
[Result "1-0"]
[WhiteElo "2503"]
[BlackElo "2369"]
[PlyCount "71"]
[GameId "2129405102178713"]
[EventDate "2007.08.29"]
[EventType "team (rapid)"]
[EventRounds "10"]
[EventCountry "USA"]
[SourceTitle "The Week in Chess 675"]
[Source "Mark Crowther"]
[SourceDate "2007.10.15"]
[SourceVersion "1"]
[SourceVersionDate "2007.10.15"]
[SourceQuality "2"]

1. e4 c5 2. Nf3 Nc6 3. d4 cxd4 4. Nxd4 g6 5. Nc3 Bg7 6. Be3 Nf6 7. Bc4 Qa5 8. O-O O-O 9. Nb3 Qc7 10. Bg5 a6 11. a4 Nb4 12. Be2 d6 13. a5 Bd7 14. Be3 Rac8 15. Bb6 Qb8 16. Re1 Bc6 17. Bf1 Bxe4 18. Rxe4 Nxe4 19. Nxe4 Bxb2 20. Ra4 d5 21. Nec5 Bc3 22. Nd7 Qd6 23. Nxf8 Kxf8 24. Bd4 Qc6 25. Nc5 Nxc2 26. Qxc2 Bxd4 27. Rxd4 Qxc5 28. Qb2 e6 29. Qxb7 Rc7 30. Qb6 Rc6 31. Qb8+ Kg7 32. Rb4 Rc8 33. Qe5+ Kg8 34. Rb8 Qc6 35. Rxc8+ Qxc8 36. Qd6 1-0

[Event "USCL 2007"]
[Site "ICC INT"]
[Date "2007.10.17"]
[Round "8"]
[White "Schneider, Dmitry"]
[Black "Charbonneau, Pascal"]
[Result "1-0"]
[WhiteElo "2488"]
[BlackElo "2503"]
[PlyCount "81"]
[GameId "2129405102178748"]
[EventDate "2007.08.29"]
[EventType "team (rapid)"]
[EventRounds "10"]
[EventCountry "USA"]
[SourceTitle "The Week in Chess 676"]
[Source "Mark Crowther"]
[SourceDate "2007.10.22"]
[SourceVersion "1"]
[SourceVersionDate "2007.10.22"]
[SourceQuality "2"]

1. e4 c5 2. Nf3 Nc6 3. d4 cxd4 4. Nxd4 g6 5. c4 Bg7 6. Be3 Nf6 7. Nc3 Ng4 8. Qxg4 Nxd4 9. Qd1 Ne6 10. Rc1 b6 11. b4 O-O 12. Bd3 Bb7 13. O-O d6 14. f4 Nd4 15. Bb1 e5 16. f5 Rc8 17. Ne2 Nc6 18. Qd2 Qe7 19. Bh6 f6 20. Be3 gxf5 21. Rxf5 Qf7 22. a3 Ne7 23. Rf2 Kh8 24. Ng3 Rcd8 25. Qd1 Qg6 26. Rd2 Bh6 27. Bxh6 Qxh6 28. Rc3 f5 29. exf5 d5 30. cxd5 Rxd5 31. Rcd3 e4 32. Rxd5 Nxd5 33. Nxe4 Qe3+ 34. Kh1 Rxf5 35. Re2 Qf4 36. Rf2 Qe5 37. Rxf5 Qxf5 38. Nd6 Qf2 39. Nxb7 Nc3 40. Qd8+ Kg7 41. Qe7+ 1-0

[Event "USCL 2007"]
[Site "ICC INT"]
[Date "2007.10.31"]
[Round "10"]
[White "Charbonneau, Pascal"]
[Black "Benjamin, Joel"]
[Result "0-1"]
[WhiteElo "2503"]
[BlackElo "2576"]
[PlyCount "160"]
[GameId "2129405102178787"]
[EventDate "2007.08.29"]
[EventType "team (rapid)"]
[EventRounds "10"]
[EventCountry "USA"]
[SourceTitle "The Week in Chess 678"]
[Source "Mark Crowther"]
[SourceDate "2007.11.05"]
[SourceVersion "1"]
[SourceVersionDate "2007.11.05"]
[SourceQuality "2"]

1. e4 e5 2. Nf3 Nc6 3. Bb5 a6 4. Ba4 Nf6 5. O-O Be7 6. Re1 b5 7. Bb3 d6 8. c3 O-O 9. h3 Na5 10. Bc2 d5 11. d4 dxe4 12. Nxe5 Bb7 13. Bg5 c5 14. Nd2 cxd4 15. cxd4 Re8 16. Bxf6 Bxf6 17. Nxe4 Bxe5 18. dxe5 Rxe5 19. b4 Nc6 20. Nc5 Qxd1 21. Raxd1 Rxe1+ 22. Rxe1 Nxb4 23. Bb3 Bc6 24. Rd1 a5 25. a3 a4 26. axb4 axb3 27. Nxb3 Kf8 28. Rc1 Be8 29. Nd4 Ra4 30. Rc8 Rxb4 31. Nf5 Rc4 32. Rb8 Rc6 33. Nxg7 Kxg7 34. Rxe8 Rb6 35. f4 b4 36. Kf2 b3 37. Re1 b2 38. Rb1 Rb3 39. Ke1 Kg6 40. Kd1 Kf5 41. Kc2 Rb7 42. g3 Ke4 43. Re1+ Kf3 44. Kb1 Kxg3 45. f5 h5 46. f6 Rb6 47. Re3+ Kf4 48. Rc3 Kg5 49. Rc5+ Kh4 50. Rf5 Rb3 51. Re5 Rb6 52. Rf5 Kxh3 53. Rxh5+ Kg4 54. Rh7 Rb7 55. Rh2 Kf5 56. Rf2+ Ke5 57. Rf1 Rb5 58. Rf2 Rb6 59. Rf1 Rb4 60. Rf2 Rb5 61. Rf1 Rb6 62. Rf2 Rxf6 63. Re2+ Kd4 64. Kxb2 Kd3 65. Re7 Rf2+ 66. Kb3 f5 67. Rd7+ Ke3 68. Kc3 f4 69. Re7+ Kf3 70. Kd3 Ra2 71. Rf7 Ra8 72. Kd2 Re8 73. Rf6 Kg3 74. Rf7 f3 75. Rg7+ Kf2 76. Rf7 Rd8+ 77. Kc2 Kg2 78. Rg7+ Kf1 79. Rf7 f2 80. Rf6 Rg8 0-1

[Event "North American FIDE op"]
[Site "Stillwater USA"]
[Date "2007.02.18"]
[Round "3"]
[White "Charbonneau, Pascal"]
[Black "Zorigt, Bayaraa"]
[Result "1-0"]
[WhiteElo "2532"]
[BlackElo "2196"]
[PlyCount "61"]
[GameId "2129405106572795"]
[EventDate "2007.02.17"]
[EventType "swiss"]
[EventRounds "7"]
[EventCountry "USA"]

1. e4 c5 2. Nf3 d6 3. d4 cxd4 4. Nxd4 Nf6 5. Nc3 g6 6. Be3 Bg7 7. f3 O-O 8. Qd2 Nc6 9. Bc4 Bd7 10. h4 Rc8 11. Bb3 h5 12. O-O-O Ne5 13. Kb1 b5 14. Ndxb5 Nc4 15. Bxc4 Rxc4 16. e5 dxe5 17. Nd5 a6 18. Na3 Rd4 19. Bxd4 exd4 20. Qxd4 Nxd5 21. Qxd5 Qb8 22. Qb3 Qc7 23. Qc4 Qb6 24. c3 Bf5+ 25. Ka1 Rb8 26. Rd2 Rc8 27. Qb3 Qa5 28. Rhd1 Be6 29. Qb4 Qc7 30. Nc2 Rb8 31. Qxb8+ 1-0